000 00319nam a22001337a 4500
008 181004b xxu||||| |||| 00| 0 eng d
020 _a9780521251044
041 _aeng
080 _a101
100 _a24
101 _aFIL
245 _aThe Cambridge History of Renaissance Philosophy
_cSchmitt,Ch.B
942 _2udc
_cBK
999 _c48860
_d48860